00627nam a22001937a 450000500170000001000140001702000260003103500140005703700130007108200100008424501040009426000570019827000600025530000260031570000280034170000150036970000230038470000260040720170620113347.0 aENG118881 a9788193243893c895.00 aEN-102413 bDBAD/PUB a333.7 aEnviromental conversation and sustainable development /cedited by Surendra Singh Chauhan....at all aNew DelhibJawahar Publishers and Distributorsc2016 a46, Samachar Apartment, Mayur Vihar-I, New Delhi-110091 axxvi,250pc24cm.(pbk) aChauhan, Surendra Singh aKhan, T.I. aJain, Pankaj Kumar aSoloman, Prama Esther